Estadísticas para Países por imágenes de fuerzas policiales

Haz click aquí para tomar la prueba!

Estadísticas generales

  • Esta prueba ha sido tomada 81 veces
  • La puntuación promedio es 9 de 15

Estadísticas de respuestas

Respuesta% Correcto
Canadá
86%
Reino Unido
85%
Estados Unidos
82%
Emiratos Árabes Unidos
81%
Italia
78%
China
74%
Rusia
69%
Francia
64%
España
57%
Alemania
54%
India
53%
Tailandia
44%
Suecia
33%
Brasil
32%
Australia
18%

Distribución de puntuación

Porcentaje por número respondido

Porcentaje de gente con cada puntuación

Historial de tus puntuaciones

No has tomado esta prueba